| 000 | 00626 a2200145 4500 | ||
|---|---|---|---|
| 020 | _a9780784409305 (pbk.) | ||
| 020 | _a0784409307 (pbk.) | ||
| 082 | _a624.19 ESS | ||
| 245 |
_aGeotechnical baseline reports for construction suggested guidelines / _cprepared by Technical Committee on Geotechnical Reports of the Underground Technology Research Council ; l ; committee chairman, Randall J. Essex. |
||
| 250 | _a2nd ed. | ||
| 260 |
_aReston, Va. : _bAmerican Society of Civil Engineers, _c2007. |
||
| 300 |
_ax, 62 p. ; _c22 cm. |
||
| 650 | _aUnderground construction. | ||
| 650 |
_aEngineering geology _xSpecifications. |
||
| 650 | _aEngineering contracts. | ||
| 999 |
_c2315 _d2315 |
||